Appraisal of real estate (Record no. 115104)

MARC details
000 -LEADER
fixed length control field 00878cam a22002535a 4500
001 - CONTROL NUMBER
control field L158052
008 - FIXED-LENGTH DATA ELEMENTS--GENERAL INFORMATION
fixed length control field 081001s2008 xxk f 000 0 eng d
020 ## - INTERNATIONAL STANDARD BOOK NUMBER
International Standard Book Number 9781935328384
035 ## - SYSTEM CONTROL NUMBER
System control number (Sirsi) u158052
041 0# - LANGUAGE CODE
Language code of text/sound track or separate title eng
050 04 - LIBRARY OF CONGRESS CALL NUMBER
Classification number 333.3303 $2 18
110 2# - MAIN ENTRY--CORPORATE NAME
Corporate name or jurisdiction name as entry element Appraisal Institute
9 (RLIN) 2987
245 00 - TITLE STATEMENT
Title Appraisal of real estate
250 ## - EDITION STATEMENT
Edition statement 14 ed.
260 ## - PUBLICATION, DISTRIBUTION, ETC.
Place of publication, distribution, etc. Chicago
Name of publisher, distributor, etc. Appraisal Institute
Date of publication, distribution, etc. 2013
300 ## - PHYSICAL DESCRIPTION
Extent xii, 847p.
Other physical details ill.
Dimensions 27cm.
520 ## - SUMMARY, ETC.
Summary, etc. An in-depth reference tool providing a detailed study of the principles of the appraisal (valuation) of real estate. Compares different valuation methods. Although written for an American audience covers information for a global audience on appraisal and valuation methodology.
521 ## - TARGET AUDIENCE NOTE
Target audience note Advanced
590 ## - LOCAL NOTE (RLIN)
Local note KA
651 #4 - SUBJECT ADDED ENTRY--GEOGRAPHIC NAME
Geographic name United States
690 ## - LOCAL SUBJECT ADDED ENTRY--TOPICAL TERM (OCLC, RLIN)
Topical term or geographic name as entry element Valuation
9 (RLIN) 6273
942 ## - ADDED ENTRY ELEMENTS (KOHA)
Suppress in OPAC 0
Holdings
Withdrawn status Lost status Source of classification or shelving scheme Damaged status Not for loan Home library Current library Shelving location Date acquired Total Checkouts Full call number Barcode Date last seen Date last checked out Copy number Price effective from Koha item type
    Dewey Decimal Classification     London London Books 26/02/2014 1 333.332 APP 30078202 06/08/2019 13/01/2016 1 06/08/2019 Book